Original Locations and Nicknames of Current NHL Teams - Statistics

General Stats
  • This quiz has been taken 1,667 times
  • The average score is 12 of 19
Answer Stats
Hint Answer % Correct
Winnipeg Jets Atlanta
88%
Calgary Flames Atlanta
88%
Dallas Stars North Stars
81%
Dallas Stars Minnesota
80%
Colorado Avalanche Quebec
79%
Winnipeg Jets Thrashers
78%
Colorado Avalanche Nordiques
76%
Calgary Flames Flames
75%
Anaheim Ducks Mighty Ducks
74%
Phoenix Coyotes Winnipeg
74%
Phoenix Coyotes Jets
73%
Carolina Hurricanes Whalers
72%
New Jersey Devils Kansas City
44%
New Jersey Devils Scouts
40%
Toronto Maple Leafs Arenas/Blueshirts
36%
Edmonton Oilers Oilers
26%
Edmonton Oilers Alberta
23%
Carolina Hurricanes New England
23%
Detroit Red Wings Cougars
22%
No matching quizzes found
Score Distribution
Percent of People with Each Score
Percentile by Number Answered
Your Score History
You have not taken this quiz